000 00653cam a22002293a 4500
001 27822
003 PGUSA
005 20140828083612.0
008 090117s2009||||xxu|||||s|||||000 | eng d
040 _aPGUSA
_beng
042 _adc
050 4 _aPT
100 1 _aRilke, Rainer Maria,
_d1875-1926
245 1 0 _aZwei Prager Geschichten
_h[electronic resource] /
_cRainer Maria Rilke
260 _bProject Gutenberg,
_c2009
505 0 _aKönig Bohusch -- Die Geschwister.
506 _aPublic domain in the USA.
516 _aElectronic text
830 0 _aProject Gutenberg
_v27822
856 4 0 _uhttp://www.gutenberg.org/ebooks/27822
942 _cEB
999 _c257077
_d257077